00776 2200265 4500001002100000005001700021008004100038020002200079035002400101040001200125041000800137082001700145084001700162090002100179100003300200245008900233250001100322260005100333300003700384500001100421504002600432650001800458850001200476990002200488INLIS00000000003377820180319145556.0  a978-979-420-814-4 0010-021800000000504 aYOPDYOG0 aind042[23]a001.42 a001.42 Sri A aDEP 001.42 Sri A0 aSRI HARYATMI KARTIKO,d1954-0 aAnalisis data eksploratif menggunakan software open source Rc/ Sri Haryatmi Kartiko aCet. 2 aYogyakartabGadjah Mada University Pressc2016 axiv, 211 hlm.b: ilus.c; 23 cm. aIndeks aBibliografi: hlm. 207 4aAnalisis data aYOPDYOG aCB-D.11/2016-2661